Levantamiento popular y luchas sociales en América Latina: del "octubre boliviano" a las protestas contra el ALCA. Cronología septiembre-diciembre 2003 /
שמור ב:
| מחבר ראשי: | |
|---|---|
| מחברים אחרים: | |
| פורמט: | Texto |
| נושאים: | |
| תגים: |
הוספת תג
אין תגיות, היה/י הראשונ/ה לתייג את הרשומה!
|
MARC
| LEADER | 00000 a a2200000 04500 | ||
|---|---|---|---|
| 001 | 11003 | ||
| 003 | |||
| 040 | |||
| 100 | |a Seoane, José | ||
| 245 | |a Levantamiento popular y luchas sociales en América Latina: |b del "octubre boliviano" a las protestas contra el ALCA. Cronología septiembre-diciembre 2003 / |c José Seoane ; Emilio Taddei | ||
| 650 | |a MOVIMIENTOS SOCIALES | ||
| 650 | |a SEGURIDAD SOCIAL | ||
| 650 | |a PRIVATIZACION | ||
| 650 | |a GASTOS SOCIALES | ||
| 650 | |a NEOLIBERALISMO | ||
| 650 | |a ACTIVIDAD MILITAR | ||
| 650 | |a REPRESION | ||
| 700 | |a Taddei, Emilio | ||
| 773 | |g volumen 4, número 12; páginas 77-92 | ||
| 999 | |c 38252 |d 38252 | ||
